Premier League "Big Six" Clubs - Click Quiz - Statistics

General Stats
  • This quiz has been taken 26 times
  • The average score is 12 of 18
Answer Stats
Hint Answer % Correct
Club that won the most Premier League titles (13) Manchester United
100%
Club that won the treble in 2023 Manchester City
96%
Club that won a Premier League title in an unbeaten season Arsenal
87%
Club that has suffered relegation in the Premier League era Manchester City
87%
Club that does not share a city with any other "big six" clubs Liverpool
83%
Club that has never won a league title in the Premier League era Tottenham Hotspur
83%
Club whose current majority owner is from the Middle East Manchester City
78%
Club that will not be able to play in the 2025/26 Champions League Manchester United
74%
Club that won the most Premier League runner-ups (9) Arsenal
70%
Club that has won the Champions League for the most times (6) Liverpool
70%
Club with a player with more than 650 league appearances for the club Manchester United
70%
Club that has not won any of the three major continental competitions Arsenal
57%
Club that has won all three major continental competitions Chelsea
57%
Club without a player who finished top 2 in the Ballon d'Or Tottenham Hotspur
52%
Club that was founded in the twentieth century Chelsea
39%
Club that has bought a player for more than £105 million before 2024 Chelsea
35%
Club with a player with more than 200 league goals for the club Tottenham Hotspur
35%
Club with the highest lowest place finish in the Premier League era (8th) Liverpool
26%
No matching quizzes found
Score Distribution
Percent of People with Each Score
Percentile by Number Answered
Your Score History
You have not taken this quiz